Lelaki buruan

Bibliographic Details
Main Author: Zainal Katim
Corporate Author: Title
Format: Book
Published: Selangor : Pustaka Angsana , 2005
Series:Siri terbaru detektif muda
Subjects:

MARC

LEADER 00000cam a2200000 7i4500
001 0000002341
005 20151222.0
008 070711
020 |a 9830212432(set) 
020 |a 9830212491 
090 0 0 |a JF   |b AD MAL (2603) 
100 0 |a Zainal Katim 
245 1 0 |a Lelaki buruan   |c Zainal Katim 
260 |a Selangor :   |b Pustaka Angsana ,   |c 2005 
440 0 |a Siri terbaru detektif muda 
500 |a Children ages 7-9 years old (orange) 
650 0 |a Adventure 
650 0 |a Malay fiction 
710 0 |a Title 
999 |a 0000968511   |b Book   |c Children Collection   |e Cawangan Muar 
999 |a 0000968512   |b Book   |c Children Collection   |e Perbadanan Perpustakaan Awam Johor 
999 |a 0000968513   |b Book   |c Children Collection   |e Perbadanan Perpustakaan Awam Johor 
999 |a 0000968515   |b Book   |c Children Collection   |e Perbadanan Perpustakaan Awam Johor 
999 |a 0000969807   |b Book   |c Children Collection   |e Cawangan Tmn. Ungku Tun Aminah 
999 |a 0000969808   |b Book   |c Children Collection   |e Cawangan Bandar Penawar 
999 |a 0000969809   |b Book   |c Children Collection   |e Cawangan Bukit Gambir